Tribhuvan University Central Library

Cognitive therapy of anxiety disorders: a practice manual and conceptual guide (Record no. 84091)

MARC details
000 -LEADER
fixed length control field 00513nam a22001697a 4500
008 - FIXED-LENGTH DATA ELEMENTS--GENERAL INFORMATION
fixed length control field 190102b xxu||||| |||| 00| 0 eng d
082 ## - DEWEY DECIMAL CLASSIFICATION NUMBER
Classification number 616.852230651/W462c
100 ## - MAIN ENTRY--PERSONAL NAME
Personal name Wells, Adrian
245 ## - TITLE STATEMENT
Title Cognitive therapy of anxiety disorders: a practice manual and conceptual guide
260 ## - PUBLICATION, DISTRIBUTION, ETC.
Place of publication, distribution, etc. Chichester:
Name of publisher, distributor, etc. John Wiley and Sons,
Date of publication, distribution, etc. 1997.
300 ## - PHYSICAL DESCRIPTION
Extent xiv, 314p.illlus.
504 ## - BIBLIOGRAPHY, ETC. NOTE
Bibliography, etc. note Bibliography:p.301-308
650 ## - SUBJECT ADDED ENTRY--TOPICAL TERM
Topical term or geographic name entry element Diseases
650 ## - SUBJECT ADDED ENTRY--TOPICAL TERM
Topical term or geographic name entry element Anxiety
9 (RLIN) 2380
650 ## - SUBJECT ADDED ENTRY--TOPICAL TERM
Topical term or geographic name entry element Cognitive therapy
942 ## - ADDED ENTRY ELEMENTS (KOHA)
Source of classification or shelving scheme Dewey Decimal Classification
Koha item type General Collections
Holdings
Withdrawn status Lost status Source of classification or shelving scheme Damaged status Not for loan Home library Current library Shelving location Date acquired Total Checkouts Total Renewals Full call number Barcode Date last seen Date last checked out Price effective from Koha item type
    Dewey Decimal Classification     Tribhuvan University Central Library Tribhuvan University Central Library New Building 01/02/2019 1 2 616.852230651/W462c G80329 01/27/2020 11/07/2019 01/02/2019 General Collections